[Event "POR-ch U20"]
[Site "Aveiro"]
[Date "2003.??.??"]
[Round "5.4"]
[White "Castro, Elio Campos"]
[Black "Tome, Daniel"]
[Result "0-1"]
[WhiteElo "1861"]
[BlackElo "2134"]
[PlyCount "102"]
[EventDate "2003.??.??"]
[EventType "swiss"]
[EventRounds "7"]
[EventCountry "POR"]
[SourceTitle "EXT 2004"]
[Source "ChessBase"]
[SourceDate "2003.11.25"]
[SourceVersion "1"]
[SourceVersionDate "2003.11.25"]
[SourceQuality "1"]

1. e4 e6 2. d4 d5 3. Nd2 c5 4. exd5 exd5 5. Ngf3 Nf6 6. c3 Be7 7. Bd3 0-0 8. 0-0 Bg4 9. Qc2 Nc6 10. Bf5 Bxf5 11. Qxf5 cxd4 12. Nxd4 Nxd4 13. cxd4 Rc8 14. Nf3 Ne4 15. Bf4 g6 16. Qh3 Rc2 17. Rab1 Bf6 18. Ne5 Bg5 19. Bxg5 Qxg5 20. Qb3 Rfc8 21. Nf3 Qf5 22. Qe3 Rxf2 23. Rxf2 Nxf2 24. Rf1 Ng4 25. Qe7 Qf4 26. Re1 Rc1 27. Qe2 Rxe1+ 28. Qxe1 Kg7 29. h3 Ne3 30. Qd2 Qe4 31. Ng5 Qb1+ 32. Kf2 Nf5 33. g4 Nd6 34. Qe2 Ne4+ 35. Nxe4 Qxe4 36. Qd2 f5 37. gxf5 Qxf5+ 38. Kg2 h5 39. Qc3 Qe4+ 40. Kh2 h4 41. Qc7+ Kh6 42. Qc5 Qf4+ 43. Kh1 Qf3+ 44. Kg1 Qg3+ 45. Kf1 Qxh3+ 46. Ke2 Qg2+ 47. Ke3 Qe4+ 48. Kf2 h3 49. Qc8 Qf5+ 50. Qxf5 gxf5 51. Kg3 Kg5 0-1

[Event "POR-ch U20"]
[Site "Aveiro"]
[Date "2003.??.??"]
[Round "4.1"]
[White "Simoes, Filipe"]
[Black "Castro, Elio Campos"]
[Result "1-0"]
[WhiteElo "2126"]
[BlackElo "1861"]
[PlyCount "59"]
[EventDate "2003.??.??"]
[EventType "swiss"]
[EventRounds "7"]
[EventCountry "POR"]
[SourceTitle "EXT 2004"]
[Source "ChessBase"]
[SourceDate "2003.11.25"]
[SourceVersion "1"]
[SourceVersionDate "2003.11.25"]
[SourceQuality "1"]

1. d4 e6 2. c4 c5 3. d5 exd5 4. cxd5 d6 5. Nc3 Nf6 6. e4 a6 7. a4 Qe7 8. f3 g6 9. Bd3 Bg7 10. Nge2 Nbd7 11. 0-0 0-0 12. Ng3 Ne5 13. Be2 Ne8 14. f4 Bg4 15. Qe1 Nc4 16. h3 Bd4+ 17. Kh2 Nc7 18. Bd3 b5 19. Bxc4 bxc4 20. Be3 Bd7 21. Qd2 Bxe3 22. Qxe3 f6 23. Rfe1 Rab8 24. Qd2 Qg7 25. Nf1 Rb4 26. Qe2 Rfb8 27. Ra2 g5 28. e5 Bf5 29. exd6 Ne8 30. Qxe8+ 1-0

[Event "POR-ch57"]
[Site "Lisbon"]
[Date "2001.09.04"]
[Round "4.8"]
[White "Guerra, Vitor Manuel Vestia"]
[Black "Castro, Elio Campos"]
[Result "1-0"]
[WhiteElo "2191"]
[BlackElo "2000"]
[PlyCount "29"]
[EventDate "2001.09.05"]
[EventType "swiss"]
[EventRounds "9"]
[EventCountry "POR"]
[SourceTitle "EXT 2002"]
[Source "ChessBase"]
[SourceDate "2001.11.25"]
[SourceVersion "1"]
[SourceVersionDate "2001.11.25"]
[SourceQuality "1"]

1. d4 Nf6 2. c4 c5 3. d5 b5 4. f3 Bb7 5. e4 d6 6. cxb5 Qb6 7. a4 c4 8. Na3 Qc5 9. Nxc4 a6 10. Be3 Qb4+ 11. Bd2 Qc5 12. Be3 Qb4+ 13. Qd2 Qxd2+ 14. Kxd2 Nbd7 15. Na5 1-0

[Event "POR-ch57"]
[Site "Lisbon"]
[Date "2001.09.02"]
[Round "2.11"]
[White "Cruz, Paulo A Pereira"]
[Black "Castro, Elio Campos"]
[Result "1-0"]
[WhiteElo "2094"]
[BlackElo "2000"]
[PlyCount "93"]
[EventDate "2001.09.05"]
[EventType "swiss"]
[EventRounds "9"]
[EventCountry "POR"]
[SourceTitle "EXT 2002"]
[Source "ChessBase"]
[SourceDate "2001.11.25"]
[SourceVersion "1"]
[SourceVersionDate "2001.11.25"]
[SourceQuality "1"]

1. e4 e6 2. d4 d5 3. e5 c5 4. c3 Nc6 5. Nf3 Qb6 6. a3 cxd4 7. cxd4 f6 8. exf6 Nxf6 9. Bd3 Bd6 10. 0-0 0-0 11. Nc3 a6 12. b4 Qc7 13. Ne2 g6 14. Bh6 Re8 15. Ng3 Bf4 16. Bxf4 Qxf4 17. Qc1 Qxc1 18. Raxc1 Bd7 19. Rfe1 Rac8 20. h3 Kg7 21. Nf1 Ng8 22. N1d2 Nb8 23. Nb3 b6 24. Ne5 Ba4 25. Nd2 Nh6 26. Ndf3 Nf7 27. Nxf7 Rxc1 28. Rxc1 Kxf7 29. Rc7+ Kg8 30. Ne5 Bb3 31. Ng4 Rf8 32. Nh6+ Kh8 33. Nf7+ Rxf7 34. Rxf7 Nc6 35. Rf4 Bd1 36. h4 b5 37. Kf1 e5 38. dxe5 Nxe5 39. Rd4 Bb3 40. Ke2 Nxd3 41. Kxd3 Kg7 42. Rf4 h6 43. Kd4 g5 44. hxg5 hxg5 45. Rf3 Bc4 46. Re3 Kf6 47. Re8 1-0